000 01209nam a22002057a 4500
999 _c7419
_d7419
003 AR-CdUCM
008 190320b ||||| |||| 00| 0 spa d
040 _aMUNICIPALIDAD PROVINCIAL DEL CUSCO
_cBIBLIOTECA MUNICIPAL DEL CUSCO
082 _a328.365834 /
_bP1
110 _aCongreso de la República (Perú)
_bComisión de Descentralización, Regionalización,
_bGobiernos Locales y Modernización de la Gestión del Estado
_920921
245 _aPara relanzar el proceso de descentralización :
_bcontribuciones y desafíos del Congreso /
260 _aLima :
_bCongreso de la República, Comisión de Descentralización, Regionalización, Gobiernos Locales y Modernización de la Gestión del Estado,
_c2016.
300 _a149 páginas ;
_c24 cm.
505 _aContenido: Los fundamentales legislativos del proceso de descentralización -- Entre el diseño y la implementación del proceso de descentralización -- El congreso y el proceso de descentralización ...
650 _aComición de descentralización - Informes
_920922
650 _aPlanificación regional - Perú
_920923
650 _aDescentralización administrativa -- Evaluación - Perú
_920924
942 _2ddc
_cLIBROS
945 _alccs